| 000 | 01092nam a2200313 i 4500 | ||
|---|---|---|---|
| 003 | DO-SdBNP | ||
| 005 | 20250624134607.0 | ||
| 007 | ta | ||
| 008 | 231023e2003 dr a|||| |||| 00| j spa d | ||
| 040 |
_aDO-SdBNP _bspa _cBNPHU _erda |
||
| 041 | _aspa | ||
| 082 | 4 |
_a863.44 _bG861g _222 |
|
| 100 | 1 |
_aGrimaldi Silié, Eleanor, _d1948- _eautor _4aut. _985713 |
|
| 245 | 1 | 0 |
_aGotita de agua / _cEleanor Grimaldi Silié ; ilustrador, Werner Olmos Tavárez. |
| 250 | _aPrimera edición | ||
| 264 | 1 |
_aSanto Domingo : _bEditora Búho, _c2003. |
|
| 300 |
_a24 páginas : _bIlustraciones ; _c23 cem |
||
| 336 |
_atexto _btxt _2rdacontent |
||
| 337 |
_asin mediación _bn _2rdamedia |
||
| 338 |
_avolumen _bnc _2rdacarrier |
||
| 500 | _aIncluye datos biográficos del autor | ||
| 590 | _aInventariado 2023 / MF | ||
| 650 | 4 |
_aCuentos infantiles dominicanos _9505 |
|
| 650 | 4 |
_aLiteratura infantil dominicana _973308 |
|
| 650 | 4 |
_a Libros y lecturas para niños _910243 |
|
| 700 | 1 |
_aOlmos Tavárez, Werner, _eilustrador _4il. _943396 |
|
| 910 | _aValidado. Control de Calidad/MAA | ||
| 942 |
_2ddc _cLBS1 |
||
| 999 |
_c55254 _d55254 |
||